00626nam a2200205 4500003000400000005001700004008004100021020001800062040001800080050001700098100002600115245011500141264004500256300001800301336002200319337002400341338002400365942001400389999001700403OSt20260601193526.0260506b |||||||| |||| 00| 0 spa d a9780486233574 aICIbspacICI aNC1002b.M63 1aModley, Rudolf935756 1aHandbook of of Pictorial Symbols;b3,250 Examples from International SourcescRudolf Modley; William R. Meyers bDover Publicationsc1976aEstados Unidos a141 páginas atexto2rdacontent asin medio2rdamedia avolumen2rdacarrier 2lcccBn1 c21181d21181